000 00253nam a22000977a 4500
999 _c11633
_d11633
008 190921b ||||| |||| 00| 0 eng d
020 _a9789388788786
100 _aGoyal
_97336
245 _aScore Well English- IX
260 _aNew Delhi
_bGoyal Brothers
_c2019